U.S. Cities by Picture - B - Statistics

General Stats
  • This quiz has been taken 42 times
  • The average score is 7 of 15
Answer Stats
Picture Answer % Correct
Boston
95%
Buffalo
92%
Baltimore
79%
Birmingham
74%
Burbank
62%
Boise
56%
Bentonville
51%
Baton Rouge
38%
Bismarck
31%
Beaverton
28%
Burlington
26%
Bar Harbor
21%
Berkeley
8%
Butte
8%
Branson
5%
No matching quizzes found
Score Distribution
Percent of People with Each Score
Percentile by Number Answered
Your Score History
You have not taken this quiz